000 00487nam a2200157Ia 4500
003 GCL
008 140319s9999 xx 000 0 eng d
040 _aGCL /
_cGCL
082 0 4 _a658.562
_bT T
100 1 _aTENNER, ARTHER R.
245 1 0 _aTOTAL QUALITY MANAGEMENT:THREE STEPS TO CONTINUOUS IMPROVEMENT /
_cTENNER, ARTHER R.
700 1 _aDETORO, JRVING J.
260 _a[S.N] :
_bADDISON - WESLEY PUBLISHING COMPANY ،
_c1992
650 0 4 _aTOTAL QUALITY MANAGEMENT
942 _2ddc
_cBK
999 _c10788
_d10788